000
00335nam a2200169Ia 4500
100
_a
Sommerville/Ian
650
_a
Software Engineering
250
_a
10
942
_c
BK
366
_f
20
245
_a
Software Engineering
260
_b
Pearson Education
082
_b
SOM
300
_a
808
546
_a
ENGLISH
999
_c
30550
_d
30550